00314 a2200121 450000100060000002000220000608200140002810000200004224500520006226000450011430000100015950000230016982272 a978-969-494-546-0 a123.5/SAL aSalahuddin S.V. aDestiny or free will the human paradoxhEnglish aKarachibParamount Publishing Enterprise a244p. aGeneral Collection